| 000 | 00582nam a2200181Ia 4500 | ||
|---|---|---|---|
| 008 | 100921s9999 xx 000 0 und d | ||
| 082 |
_b33808 _a891.463 न 01 |
||
| 100 | _aभावे राम. | ||
| 245 | _aहवाहवाई. | ||
| 260 |
_bपुष्प प्रकाशन,पुणे. _c2001 |
||
| 300 |
_a112 _bमयुरेष बुक एजन्सी,कराड |
||
| 365 | _b105 | ||
| 520 | _aललित-कथा. | ||
| 630 | _aहवाहवाई. | ||
| 650 | _aललित-कथा. | ||
| 730 | _aहवाहवाई. | ||
| 942 | _cBOOK | ||
| 999 |
_c782921 _d782918 |
||